000 00703nam a2200289Ia 4500
005 20260324112340.0
008 008 260324s9999 xx 000 0 eng d
020 _a9781032696423
037 _aEBOOK
040 _aCRL
040 _beng
040 _cCRL
041 _2eng
041 _aeng
084 _qCRL
100 _aBruno Bonoris
_91142326
245 0 _aProblems of Psychoanalytic Technique in Freud and Lacan
245 0 _bWhat Does a Psychoanalyst Do?
260 _bTaylor and Francis
260 _c2024
365 _a
365 _b205
856 _uhttp://www.taylorfrancis.com/books/9781032696423
942 _cEBOOK
999 _c1731493
_d1731493